Emergency care and first aid for nurses : (Record no. 23900)
[ view plain ]
| 000 -LEADER | |
|---|---|
| fixed length control field | 00671nam a2200217 a 4500 |
| 005 - DATE AND TIME OF LATEST TRANSACTION | |
| control field | 20140310183501.0 |
| 008 - FIXED-LENGTH DATA ELEMENTS--GENERAL INFORMATION | |
| fixed length control field | 100301s19uu xx 00 eng d |
| 020 ## - INTERNATIONAL STANDARD BOOK NUMBER | |
| International Standard Book Number | 9780443102080 |
| 050 ## - LIBRARY OF CONGRESS CALL NUMBER | |
| Classification number | RT 120.E4 |
| Item number | .J48 2007 |
| 100 ## - MAIN ENTRY--PERSONAL NAME | |
| Personal name | Jevon, Philip |
| 245 ## - TITLE STATEMENT | |
| Title | Emergency care and first aid for nurses : |
| Remainder of title | a practical guide / |
| Statement of responsibility, etc | Philip Jevon...[et.al]. |
| 260 ## - PUBLICATION, DISTRIBUTION, ETC. (IMPRINT) | |
| Place of publication, distribution, etc | London : |
| Name of publisher, distributor, etc | Elsevier, |
| Date of publication, distribution, etc | 2007. |
| 300 ## - PHYSICAL DESCRIPTION | |
| Extent | 373 p. : |
| Dimensions | 19 cm. |
| 521 ## - TARGET AUDIENCE NOTE | |
| Target audience note | |
| 650 ## - SUBJECT ADDED ENTRY--TOPICAL TERM | |
| Topical term or geographic name as entry element | Emergency medical services |
| General subdivision | resource guides. 2. First Aid |
| -- | nursing. |
| 700 ## - ADDED ENTRY--PERSONAL NAME | |
| Personal name | Bowden, David F. |
| 700 ## - ADDED ENTRY--PERSONAL NAME | |
| Personal name | Halliwell, David |
| 700 ## - ADDED ENTRY--PERSONAL NAME | |
| Personal name | McMahon, Robin M. |
| 942 ## - ADDED ENTRY ELEMENTS (KOHA) | |
| Koha item type | Books |
| Source of classification or shelving scheme | Library of Congress Classification |
| Call number prefix | Foreign |
| Withdrawn status | Lost status | Source of classification or shelving scheme | Damaged status | Home library | Current library | Shelving location | Date acquired | Source of acquisition | Total Checkouts | Full call number | Barcode | Date last seen | Copy number | Price effective from | Koha item type |
|---|---|---|---|---|---|---|---|---|---|---|---|---|---|---|---|
| Library of Congress Classification | College Library | College Library | General Circulation Section | 03/01/2010 | Donation | RT 120.E4 .J48 2007 | C11132 | 05/15/2018 | 1 | 03/10/2014 | Books |